000 00497nam a2200181Ia 4500
008 100917s9999 xx 000 0 und d
082 _b61202
100 _aपचिंद्रे श्रीराम
245 _aफुलोरा
260 _bशिवसंस्कार प्रकाशन
_c1982
300 _a64
365 _b7
520 _aकविता
630 _aफुलोरा
650 _aकविता
730 _aफुलोरा
942 _cBOOK
999 _c666596
_d666593